Biggest Cities starting with D - Statistics

General Stats
  • This quiz has been taken 41 times
  • The average score is 13 of 36
Answer Stats
Country Population City % Correct
Senegal 3.540.000 Dakar
97%
India 33.807.000 Delhi
92%
Bangladesh 23.935.000 Dhaka
87%
United Arab Emirates 3.051.000 Dubai
87%
Syria 2.685.000 Damascus
82%
Ireland 1.284.000 Dublin
82%
Tanzania 8.161.000 Dar Es Salaam
79%
South Africa 3.262.000 Durban
77%
United States 1.302.000 Dallas
64%
Tajikistan 1.012.000 Dushanbe
64%
South Korea 2.179.000 Daegu
56%
Cameroon 4.203.000 Douala
56%
Ukraine 936.000 Dnipro
49%
Ukraine 882.000 Donetsk
49%
Saudi Arabia 1.352.000 Dammam
46%
Indonesia 1.075.000 Denpasar
44%
Vietnam 1.253.000 Da Nang
38%
China 6.217.000 Dalian
38%
China 7.675.000 Dongguan
23%
Philippines 1.991.000 Davao City
15%
South Korea 1.581.000 Daejon
10%
China 2.044.000 Daqing
8%
China 1.913.000 Datong
8%
Indonesia 3.133.000 Depok
5%
China 810.000 Danyang
3%
China 767.000 Dazhou
3%
India 1.016.000 Dehradun
3%
China 783.000 Dengzhou
3%
China 963.000 Deyang
3%
China 1.108.000 Dezhou
3%
India 1.414.000 Dhanbad
3%
China 932.000 Dandong
0%
Philippines 820.000 Dasmarinas
0%
China 756.000 Dongtai
0%
China 1.410.000 Dongying
0%
India 1.289.000 Durg Bhilainagar
0%
No matching quizzes found
Score Distribution
Percent of People with Each Score
Percentile by Number Answered
Your Score History
You have not taken this quiz